And another thing / (Record no. 148042)

MARC details
000 -LEADER
campo de control de longitud fija 00423nam a2200157 i 4500
001 - NÚMERO DE CONTROL
campo de control 148042
003 - IDENTIFICADOR DE NÚMERO DE CONTROL
campo de control ES-MaACL
005 - FECHA Y HORA DE LA ÚLTIMA TRANSACCIÓN
campo de control 20230906202409.0
007 - CAMPO FIJO DE DESCRIPCIÓN FÍSICA--INFORMACIÓN GENERAL
campo de control de longitud fija t|
008 - DATOS DE LONGITUD FIJA--INFORMACIÓN GENERAL
campo de control de longitud fija 070214s1946 xxu r ||||1| eng d
100 1# - ENTRADA PRINCIPAL--NOMBRE DE PERSONA
Nombre de persona Spring, Howard.
9 (RLIN) 107805
245 10 - MENCIÓN DEL TÍTULO
Título And another thing /
Mención de responsabilidad, etc. Howard Spring.
260 ## - PUBLICACIÓN, DISTRIBUCIÓN, ETC.
Lugar de publicación, distribución, etc. New York :
Nombre del editor, distribuidor, etc. Harper and Brothers,
Fecha de publicación, distribución, etc. 1946.
300 ## - DESCRIPCIÓN FÍSICA
Extensión 265 p. ;
Dimensiones 21 cm.
852 ## - LOCALIZACIÓN
Ubicación ES-MaACL
Número de control de estantería C-25554
Sublocalización o colección R.54192
Holdings
Estatus retirado Estado de pérdida Estado de daño No para préstamo Biblioteca de origen Biblioteca actual Ubicación en estantería Fecha de adquisición Fuente de adquisición Total de préstamos Signatura topográfica completa Código de barras Visto por última vez Precio de reemplazo Tipo de ítem Koha
        Biblioteca del Ateneo de Madrid Biblioteca del Ateneo de Madrid Depósito 2 17/01/2008     C-25554 1154497 23/02/2023 23/02/2023 Libro impreso